[Event "Mar del Plata op 53rd"]
[Site "Mar del Plata"]
[Date "2024.03.30"]
[Round "9"]
[White "Unhold, Valentin"]
[Black "Espinoza Palomino, Willyam"]
[Result "0-1"]
[WhiteElo "2146"]
[BlackElo "2400"]
[PlyCount "104"]
[EventDate "2024.03.23"]
[EventType "swiss"]
[EventRounds "9"]
[EventCountry "ARG"]
[SourceTitle "CB14_2024"]
[SourceDate "2024.04.01"]
[SourceVersion "1"]
[SourceVersionDate "2024.04.01"]
[SourceQuality "1"]

1. d4 d5 2. c4 c6 3. Nc3 Nf6 4. e3 e6 5. Nf3 Nbd7 6. Be2 dxc4 7. a4 Bb4 8. Bxc4 0-0 9. 0-0 Qe7 10. Qc2 e5 11. Rd1 e4 12. Nd2 Re8 13. Be2 Nb6 14. f3 exf3 15. Nxf3 Bg4 16. Rf1 Bh5 17. Bd3 Bg6 18. Bxg6 hxg6 19. Bd2 Bxc3 20. bxc3 Nc4 21. Rae1 Ne4 22. Bc1 Qe6 23. Ne5 Nxe5 24. Qxe4 Nc4 25. Qxe6 Rxe6 26. e4 Rae8 27. e5 f6 28. exf6 gxf6 29. Rxe6 Rxe6 30. Kf2 Kf7 31. h4 f5 32. Bf4 b5 33. d5 cxd5 34. axb5 Na3 35. Rd1 Nxb5 36. Rxd5 Nxc3 37. Ra5 a6 38. h5 Nb5 39. hxg6+ Kxg6 40. g3 Rc6 41. Kf3 Rc3+ 42. Kf2 Rc6 43. Kf3 Kf7 44. Be3 Ke6 45. g4 fxg4+ 46. Kxg4 Kd5 47. Kf3 Kc4 48. Ke2 Rd6 49. Bd2 Kb3 50. Kd1 Na3 51. Kc1 Nc4 52. Bf4 Rf6 0-1

[Event "Villa Ballester op 73rd"]
[Site "Buenos Aires"]
[Date "2024.01.27"]
[Round "8"]
[White "Unhold, Valentin"]
[Black "Gaztanaga, Pablo"]
[Result "0-1"]
[WhiteElo "2174"]
[BlackElo "1994"]
[PlyCount "150"]
[EventDate "2024.01.19"]
[EventType "swiss"]
[EventRounds "9"]
[EventCountry "ARG"]
[SourceTitle "CB06_2024"]
[SourceDate "2024.02.07"]
[SourceVersion "1"]
[SourceVersionDate "2024.02.07"]
[SourceQuality "1"]

1. d4 Nf6 2. c4 e6 3. Nf3 b6 4. g3 Bb7 5. Bg2 Be7 6. 0-0 0-0 7. Re1 Na6 8. h4 c5 9. d5 exd5 10. cxd5 Bxd5 11. Nc3 Bc6 12. e4 d6 13. Qe2 Nc7 14. Rd1 Qc8 15. Bf4 Rd8 16. e5 dxe5 17. Qxe5 Ne6 18. Ng5 Bxg2 19. Rxd8+ Bxd8 20. Nxe6 Qxe6 21. Kxg2 Qxe5 22. Bxe5 Nd7 23. Bf4 Bf6 24. Rd1 Nf8 25. Rd2 Ne6 26. Be3 Rd8 27. Ne4 Bd4 28. Bxd4 Nxd4 29. Nc3 Kf8 30. Nb5 Ke7 31. Nxd4 Rxd4 32. Re2+ Kd7 33. Kf3 b5 34. Re5 Kc6 35. Ke3 Rd7 36. h5 h6 37. Re4 c4 38. Ke2 a5 39. Re8 b4 40. Rb8 Kc5 41. Rc8+ Kb5 42. Rb8+ Ka4 43. Rc8 Kb5 44. Rb8+ Kc5 45. Rc8+ Kd4 46. Kd2 Rd5 47. g4 f5 48. Rc7 fxg4 49. Rxg7 Rxh5 50. Rxg4+ Kc5 51. Rf4 Rd5+ 52. Kc2 h5 53. Rf6 a4 54. Rf3 h4 55. Rh3 Rh5 56. Kd2 Kd4 57. Kc2 Ke4 58. a3 bxa3 59. bxa3 Kf4 60. Kc3 Kg4 61. Rh2 Rc5 62. Kb4 Rc7 63. Kc3 Rc8 64. Rh1 h3 65. Rg1+ Kh4 66. Rh1 Rb8 67. Kxc4 Rb3 68. Rh2 Rb1 69. Kc3 Kg4 70. Kc4 Rb3 71. Rh1 Rxa3 72. Kb4 Ra2 73. Rh2 Ra1 74. Kc3 Rg1 75. f3+ Kg3 0-1

[Event "Villa Ballester op 73rd"]
[Site "Buenos Aires"]
[Date "2024.01.23"]
[Round "5"]
[White "Dolezal, Cristian"]
[Black "Unhold, Valentin"]
[Result "1-0"]
[WhiteElo "2378"]
[BlackElo "2174"]
[PlyCount "53"]
[EventDate "2024.01.19"]
[EventType "swiss"]
[EventRounds "9"]
[EventCountry "ARG"]
[SourceTitle "CB06_2024"]
[SourceDate "2024.02.07"]
[SourceVersion "1"]
[SourceVersionDate "2024.02.07"]
[SourceQuality "1"]

1. d4 d5 2. c4 dxc4 3. e4 b5 4. a4 c6 5. b3 e5 6. Nf3 Nf6 7. axb5 cxb5 8. bxc4 Nxe4 9. Bd3 Bb4+ 10. Nbd2 Nc5 11. Bb1 exd4 12. 0-0 0-0 13. cxb5 Bb7 14. Ba3 Bxa3 15. Rxa3 Ne6 16. Qc2 g6 17. Qb2 a6 18. Be4 Bxe4 19. Nxe4 Qb6 20. Rfa1 a5 21. Ne5 Rd8 22. Nc4 Qb7 23. f3 Nd7 24. Nxa5 Qc7 25. Nc6 Rxa3 26. Rxa3 Re8 27. Ra7 1-0

[Event "Villa Martelli 90 Aanos"]
[Site "Villa Martelli"]
[Date "2023.08.31"]
[Round "1"]
[White "Unhold, Valentin"]
[Black "Contin, Daniel"]
[Result "1-0"]
[WhiteElo "2234"]
[BlackElo "2225"]
[PlyCount "68"]
[EventDate "2023.08.31"]
[EventType "tourn"]
[EventRounds "9"]
[EventCountry "ARG"]
[EventCategory "1"]
[SourceTitle "EXT 2024"]
[Source "ChessBase"]
[SourceDate "2023.10.10"]
[SourceVersion "1"]
[SourceVersionDate "2023.10.10"]
[SourceQuality "1"]

1. d4 Nf6 2. c4 e6 3. Nf3 c5 4. d5 b5 5. dxe6 fxe6 6. cxb5 d5 7. g3 Bd6 8. Bg2 0-0 9. 0-0 a6 10. bxa6 Nc6 11. Re1 Kh8 12. Nc3 c4 13. Nd4 Nxd4 14. Qxd4 Qa5 15. Rf1 Rxa6 16. h3 Rb6 17. Rb1 e5 18. Qh4 Bf5 19. e4 Bg6 20. Bg5 d4 21. Bxf6 dxc3 22. Bd8 Qxa2 23. Bxb6 cxb2 24. Qg4 c3 25. Qd1 Bb4 26. Be3 Bf7 27. Qd3 Bc4 28. Qd1 Bb3 29. Qh5 Bc2 30. Qxe5 Qa5 31. Qd4 Bxb1 32. Rxb1 Rc8 33. Kh2 Qa2 34. Qd7 Rb8 1-0

[Event "Villa Constitucion op"]
[Site "Villa Constitucion"]
[Date "2023.08.19"]
[Round "4"]
[White "Unhold, Valentin"]
[Black "Rodriguez Vila, Andres"]
[Result "0-1"]
[WhiteElo "2184"]
[BlackElo "2399"]
[PlyCount "98"]
[EventDate "2023.08.17"]
[EventType "swiss"]
[EventRounds "9"]
[EventCountry "ARG"]
[SourceTitle "EXT 2024"]
[Source "ChessBase"]
[SourceDate "2023.10.10"]
[SourceVersion "1"]
[SourceVersionDate "2023.10.10"]
[SourceQuality "1"]

1. c4 g6 2. Nc3 Bg7 3. d4 d6 4. e4 e5 5. d5 a5 6. Nf3 Na6 7. Be2 Ne7 8. h4 h6 9. h5 g5 10. Nd2 f5 11. g4 fxg4 12. Bxg4 0-0 13. Nf1 Bxg4 14. Qxg4 Nc5 15. Qe2 a4 16. Be3 Rf4 17. Ng3 Qd7 18. 0-0-0 Raf8 19. Kb1 Nc8 20. Qc2 Nb6 21. Qe2 Qe8 22. Rhf1 Nbd7 23. Qc2 Nb6 24. Qe2 a3 25. b3 Nbd7 26. Qc2 Nf6 27. Bxf4 exf4 28. Nf5 Rf7 29. Nxg7 Rxg7 30. Rfe1 Qe5 31. b4 Ncd7 32. Nb5 g4 33. Nxc7 g3 34. f3 Qxh5 35. Ne6 Re7 36. c5 dxc5 37. bxc5 Ne5 38. Qc3 Kf7 39. Rh1 Qxf3 40. Qxe5 Qxe4+ 41. Qxe4 Nxe4 42. Rh4 Nc3+ 43. Kc2 Nxd5 44. Rxd5 Kxe6 45. Rd8 g2 46. Rg4 f3 47. Rf8 Rf7 48. Rxf7 Kxf7 49. Kd2 f2 0-1

[Event "Buenos Aires Masters op"]
[Site "Buenos Aires"]
[Date "2023.06.19"]
[Round "7"]
[White "Llanos, Guillermo"]
[Black "Unhold, Valentin"]
[Result "0-1"]
[WhiteElo "2305"]
[BlackElo "2060"]
[PlyCount "124"]
[EventDate "2023.06.14"]
[EventType "swiss"]
[EventRounds "9"]
[EventCountry "ARG"]
[SourceTitle "CBM 215 Extra"]
[Source "ChessBase"]
[SourceDate "2023.09.30"]
[SourceVersion "1"]
[SourceVersionDate "2023.09.30"]
[SourceQuality "1"]

1. c4 c5 2. Nf3 Nc6 3. d4 cxd4 4. Nxd4 Nf6 5. Nc3 e6 6. a3 Qb6 7. Ndb5 Ne5 8. e3 d6 9. Qd4 Qd8 10. c5 Nc6 11. Nxd6+ Bxd6 12. Qxd6 Qxd6 13. cxd6 Kd7 14. f3 Kxd6 15. e4 Rd8 16. Be3 b6 17. 0-0-0+ Ke7 18. Rxd8 Kxd8 19. Be2 Ne8 20. b3 Bb7 21. Kb2 Ke7 22. h4 h5 23. Bg5+ f6 24. Be3 Rd8 25. Rd1 Rxd1 26. Bxd1 g6 27. Be2 Nc7 28. Nb5 Ba6 29. a4 Bxb5 30. axb5 Nd8 31. Bd2 Nb7 32. Bb4+ Nd6 33. f4 Kd7 34. Bxd6 Kxd6 35. f5 exf5 36. exf5 g5 37. hxg5 fxg5 38. Bxh5 Ke5 39. Be2 Kxf5 40. Kc3 Ke4 41. Bf3+ Ke5 42. Kc4 Ne8 43. Bc6 Nf6 44. b4 Ng4 45. Bf3 Ne3+ 46. Kd3 Nf5 47. Bc6 Kf4 48. Kc4 Ke5 49. Kd3 Kf4 50. Kc4 Kg3 51. Kd5 g4 52. Bd7 Ne3+ 53. Kc6 Kxg2 54. Kb7 g3 55. Kxa7 Nc4 56. Be6 Kh2 57. Bxc4 g2 58. Kxb6 g1Q+ 59. Ka6 Qd4 60. Be2 Qxb4 61. Bh5 Qa3+ 62. Kb7 Qc5 0-1

[Event "Vicente Lopez ProAm 100 Years op"]
[Site "Buenos Aires"]
[Date "2022.10.17"]
[Round "8"]
[White "Unhold, Valentin"]
[Black "Cisneros, German"]
[Result "1-0"]
[WhiteElo "2066"]
[BlackElo "1919"]
[PlyCount "99"]
[EventDate "2022.10.11"]
[EventType "swiss"]
[EventRounds "9"]
[EventCountry "ARG"]
[SourceTitle "CBM 210 Extra"]
[Source "ChessBase"]
[SourceDate "2022.11.30"]
[SourceVersion "1"]
[SourceVersionDate "2022.11.30"]
[SourceQuality "1"]

1. Nf3 d5 2. d4 c5 3. c4 cxd4 4. cxd5 Qxd5 5. Nc3 Qd8 6. Qxd4 Bd7 7. Ne5 Nc6 8. Qxd7+ Qxd7 9. Nxd7 Kxd7 10. Be3 Rd8 11. 0-0-0+ Ke8 12. Rxd8+ Kxd8 13. g3 e6 14. Bg2 a6 15. Bb6+ Kc8 16. Rd1 Be7 17. Ne4 Nf6 18. Nd6+ Bxd6 19. Rxd6 Nb4 20. Ba5 Nbd5 21. h3 Nc7 22. a4 Nfd5 23. Kd2 h5 24. h4 Ne7 25. e3 Ncd5 26. Bxd5 Nxd5 27. e4 Nc7 28. Ke3 e5 29. Rd1 Ne6 30. Rd5 f6 31. f4 exf4+ 32. gxf4 Re8 33. Rxh5 g5 34. hxg5 fxg5 35. fxg5 Rg8 36. Bc3 Nxg5 37. Rh6 Re8 38. e5 Nf7 39. Rh5 Kd7 40. Ke4 Ke6 41. Rf5 Rg8 42. Rf6+ Ke7 43. Bb4+ Ke8 44. Kd5 Rg4 45. Ba3 Rxa4 46. e6 Ra5+ 47. Bc5 Rxc5+ 48. Kxc5 Nd8 49. Kd6 a5 50. e7 1-0

[Event "Vicente Lopez ProAm 100 Years op"]
[Site "Buenos Aires"]
[Date "2022.10.11"]
[Round "1"]
[White "Hernandez Guerrero, Gilberto Eduardo"]
[Black "Unhold, Valentin"]
[Result "1/2-1/2"]
[WhiteElo "2547"]
[BlackElo "2066"]
[PlyCount "69"]
[EventDate "2022.10.11"]
[EventType "swiss"]
[EventRounds "9"]
[EventCountry "ARG"]
[SourceTitle "CBM 210 Extra"]
[Source "ChessBase"]
[SourceDate "2022.11.30"]
[SourceVersion "1"]
[SourceVersionDate "2022.11.30"]
[SourceQuality "1"]

1. d4 d5 2. c4 e6 3. Nc3 Nf6 4. cxd5 exd5 5. Bg5 c6 6. e3 h6 7. Bh4 Be7 8. Bd3 Nbd7 9. Nge2 0-0 10. Qc2 Re8 11. f3 b5 12. 0-0 Nb6 13. b3 Bd7 14. a4 b4 15. Nd1 a5 16. Bg3 c5 17. dxc5 Rc8 18. Qd2 Bxc5 19. Nd4 Nh5 20. Bf2 Qg5 21. Ra2 Bxd4 22. exd4 Qxd2 23. Rxd2 Nf4 24. Ba6 Ra8 25. Bg3 Ne6 26. Be2 Nxd4 27. Rxd4 Rxe2 28. Bc7 Nc8 29. Rxd5 Be6 30. Rxa5 Rxa5 31. Bxa5 Bxb3 32. Bxb4 Bxa4 33. Nc3 Rb2 34. Ba5 Bb3 35. Rf2 1/2-1/2

[Event "Villa Ballester op 69th"]
[Site "Villa Ballester"]
[Date "2019.01.20"]
[Round "4"]
[White "Salgado, Carlos"]
[Black "Unhold, Valentin"]
[Result "1-0"]
[WhiteElo "1677"]
[BlackElo "1452"]
[PlyCount "31"]
[EventDate "2019.01.16"]
[EventType "swiss"]
[EventRounds "9"]
[EventCountry "ARG"]
[SourceTitle "CBM 188 Extra"]
[Source "ChessBase"]
[SourceDate "2019.02.26"]
[SourceVersion "1"]
[SourceVersionDate "2019.02.26"]
[SourceQuality "1"]

1. e4 c5 2. Nf3 d6 3. d4 cxd4 4. Nxd4 Nf6 5. Nc3 a6 6. Bg5 e6 7. f4 Be7 8. Qf3 Qc7 9. 0-0-0 Nbd7 10. g4 b5 11. Bxf6 Nxf6 12. g5 Nd7 13. f5 e5 14. f6 gxf6 15. Nd5 Qd8 16. Nc6 1-0

[Event "Villa Ballester op 69th"]
[Site "Villa Ballester"]
[Date "2019.01.16"]
[Round "1"]
[White "Unhold, Valentin"]
[Black "Geslin, Ezequiel"]
[Result "0-1"]
[WhiteElo "1452"]
[BlackElo "1989"]
[PlyCount "106"]
[EventDate "2019.01.16"]
[EventType "swiss"]
[EventRounds "9"]
[EventCountry "ARG"]
[SourceTitle "CBM 188 Extra"]
[Source "ChessBase"]
[SourceDate "2019.02.26"]
[SourceVersion "1"]
[SourceVersionDate "2019.02.26"]
[SourceQuality "1"]

1. c4 Nf6 2. Nc3 c5 3. g3 g6 4. Bg2 Bg7 5. Nf3 Nc6 6. 0-0 0-0 7. a3 e6 8. e3 d5 9. cxd5 exd5 10. d4 cxd4 11. exd4 Bf5 12. Bg5 h6 13. Bxf6 Bxf6 14. Qd2 Bg7 15. Ne5 Nxe5 16. dxe5 d4 17. Ne2 Bxe5 18. Rad1 Qb6 19. Qxh6 Qxb2 20. Rd2 Qb6 21. h4 d3 22. Nc1 Bc3 23. Rxd3 Bxd3 24. Nxd3 Bg7 25. Qg5 Rad8 26. Nf4 Bf6 27. Qh6 Bg7 28. Qg5 Qf6 29. Qxf6 Bxf6 30. Bxb7 Rd7 31. Bc6 Rd6 32. Bb5 Rb8 33. Bc4 Rd4 34. Rc1 Kg7 35. Bf1 Ra4 36. Rc7 Be5 37. Ne6+ Kf6 38. Nc5 Bxc7 39. Nxa4 Bd6 40. Nc3 Bxa3 41. Ne4+ Ke5 42. Bg2 Be7 43. Nd2 Kd4 44. Nf3+ Kc3 45. Ne5 a5 46. Nxf7 a4 47. Bd5 a3 48. f4 Rb3 49. Bxb3 Kxb3 50. f5 gxf5 51. h5 a2 52. h6 a1Q+ 53. Kh2 Bf6 0-1